Classical Composers (Difficult) - Statistics

General Stats
  • This quiz has been taken 60 times
  • The average score is 27 of 46
Answer Stats
# Pieces Composer % Correct
3 Sonata No. 11 Rondo alla Turca (Turkish March) Johannes Chrysostomus Wolfgangus Theophilus Mozart
100%
4 Sonata No. 17 3rd Movement (Tempest) Ludwig van Beethoven
98%
42 Nocturnes, Op. 9 Frederick Chopin
96%
29 Air on the G-String Johann Sebastian Bach
94%
23 Ride of the Valkyries Richard Wagner
88%
30 Swan Lake Pyotyr Ilyich Tchaikovsky
84%
34 Messa da Requiem Giuseppe Verdi
82%
19 Symphony No. 94 Joseph Haydn
82%
6 Preludes in C-Sharp Minor Sergei Rachmaninoff
82%
7 Antonio Vivaldi Concerto in F minor, op. 8 no. 4, RV 297 “L’inverno” Antonio Vivaldi
80%
37 La Campanella Franz Liszt
78%
28 The Barber of Seville Geoachino Rossini
78%
2 Nessun Dorma Geocomo Puccini
78%
45 Flight of the Bumblebee Nikolai Rimsky-Korsakov
78%
26 Peer Gynt Edvard Grieg
76%
21 Ave Maria Franz Schubert
76%
24 Wedding March Felix Mendelssohn
73%
20 Two Arabesques Claude Debussy
71%
35 Petrushka Igor Stravinsky
71%
43 Carnaval Robert Schumann
71%
27 Symphonie Fantastique Hector Berlioz
69%
36 The Swan Camille Saint-Saens
67%
32 Salut d'Amour Edward Elgar
67%
31 Sarabande George Frederic Handel
67%
22 Das Lied von der Erde Gustav Mahler
65%
41 Night on Bald Mountain Modest Mussorgsky
63%
33 Elektra Richard Strauss
59%
1 Concerto for Orchestra Bela-Bartok
57%
25 Cello Concerto No. 1 Dmitri Shostakovich
55%
39 Sonatine Maurice Ravel
53%
9 Piano Concerto No. 3 Sergei Prokofiev
53%
16 Valse Triste Jean Sibelius
51%
38 L'Orfeo Claudio Monteverdi
47%
17 The War Requiem, Opp. 66 Benjamin Britten
43%
8 The Man I Love George Gershwin
41%
11 Wozzeck Alban Berg
35%
13 Orfeo ed Euridice Christoph Willibald Gluck
35%
18 Locus Iste Anton Bruckner
33%
15 Clarinet Concerto Aaron Copland
29%
40 Panis Angelicus Cesar Franck
27%
10 Symphony No. 5 Ralph Vaughan Williams
27%
5 Taras Bulba Leoš Janáček
24%
44 Chronochromie Olivier Messiaen
8%
46 Cantiones Sacrae William Byrd
6%
14 Sicut Cervus Giovanni Pierluigi da Palestrina
4%
12 The March of the Kings Jeannn-Baptiste Lully
4%
No matching quizzes found
Score Distribution
Percent of People with Each Score
Percentile by Number Answered
Your Score History
You have not taken this quiz